The walking dead / (Record no. 16889)
[ view plain ]
| 000 -LEADER | |
|---|---|
| fixed length control field | 01736cam a22004095i 4500 |
| 001 - CONTROL NUMBER | |
| control field | 013422375 |
| 003 - CONTROL NUMBER IDENTIFIER | |
| control field | EG-ScBUE |
| 005 - DATE AND TIME OF LATEST TRANSACTION | |
| control field | 20230109101319.0 |
| 008 - FIXED-LENGTH DATA ELEMENTS--GENERAL INFORMATION | |
| fixed length control field | 060309m20122010caua f 000 1 eng d |
| 020 ## - INTERNATIONAL STANDARD BOOK NUMBER | |
| International Standard Book Number | 9781582406190 (bk. 1) |
| 020 ## - INTERNATIONAL STANDARD BOOK NUMBER | |
| International Standard Book Number | 9781582406985 (bk. 2) |
| 020 ## - INTERNATIONAL STANDARD BOOK NUMBER | |
| International Standard Book Number | 9781582408255 (bk. 3) |
| 020 ## - INTERNATIONAL STANDARD BOOK NUMBER | |
| International Standard Book Number | 9781607060000 (bk. 4) |
| 020 ## - INTERNATIONAL STANDARD BOOK NUMBER | |
| International Standard Book Number | 9781607061717 (bk. 5) |
| 020 ## - INTERNATIONAL STANDARD BOOK NUMBER | |
| International Standard Book Number | 9781607063278 (bk. 6) |
| 020 ## - INTERNATIONAL STANDARD BOOK NUMBER | |
| International Standard Book Number | 9781607064398 (bk. 7) |
| 040 ## - CATALOGING SOURCE | |
| Original cataloging agency | EG-ScBUE |
| Language of cataloging | eng |
| Description conventions | rda |
| Transcribing agency | EG-ScBUE |
| Modifying agency | EG-ScBUE |
| 082 04 - DEWEY DECIMAL CLASSIFICATION NUMBER | |
| Classification number | 741.5973 |
| Edition number | 22 |
| Item number | KIR |
| 100 1# - MAIN ENTRY--PERSONAL NAME | |
| Personal name | Kirkman, Robert, |
| Relator term | author. |
| 9 (RLIN) | 30665 |
| 245 14 - TITLE STATEMENT | |
| Title | The walking dead / |
| Statement of responsibility, etc | Robert Kirkman, creator, writer, letterer ; Tony Moore, penciler, inker, gray tones ; Charles Adlard, penciler, inker ; Cliff Rathburn, gray tones. |
| 264 #1 - PUBLICATION, DISTRIBUTION, ETC. (IMPRINT) | |
| Place of publication, distribution, etc | California : |
| Name of publisher, distributor, etc | Image Comics, |
| Date of publication, distribution, etc | 2010-2012. |
| 300 ## - PHYSICAL DESCRIPTION | |
| Extent | 7 volumes : |
| Other physical details | illustrations (some color) ; |
| Dimensions | 29 cm |
| 336 ## - CONTENT TYPE | |
| Source | rdacontent |
| Content type term | text |
| Content type code | txt |
| 337 ## - MEDIA TYPE | |
| Source | rdamedia |
| Media type term | unmediated |
| Media type code | n |
| 338 ## - CARRIER TYPE | |
| Source | rdacarrier |
| Carrier type term | volume |
| Carrier type code | nc |
| 505 1# - FORMATTED CONTENTS NOTE | |
| Formatted contents note | Book 1. The walking dead #1-12 -- Book 2. The walking dead #13-24 -- Book 3. The walking dead #25-36 -- Book 4. The walking dead #37-48 -- Book 5. The walking dead #49-60 -- Book 6. The walking dead #61-72 -- Book 7. The walking dead #73-84. |
| 650 #7 - SUBJECT ADDED ENTRY--TOPICAL TERM | |
| Topical term or geographic name as entry element | Horror comic books, strips, etc. |
| 9 (RLIN) | 30666 |
| Source of heading or term | BUEsh |
| 650 #7 - SUBJECT ADDED ENTRY--TOPICAL TERM | |
| Topical term or geographic name as entry element | Zombies |
| Form subdivision | Comic books, strips, etc. |
| Source of heading or term | BUEsh |
| 650 #7 - SUBJECT ADDED ENTRY--TOPICAL TERM | |
| Topical term or geographic name as entry element | Comic books, strips, etc. |
| Source of heading or term | BUEsh |
| 651 ## - SUBJECT ADDED ENTRY--GEOGRAPHIC NAME | |
| Source of heading or term | BUEsh |
| 653 ## - INDEX TERM--UNCONTROLLED | |
| Arrived date list | July2012 |
| -- | November2017 |
| Resource For college | Generalities |
| -- | Humanities: English |
| 655 ## - INDEX TERM--GENRE/FORM | |
| Form subdivision | Reading book |
| 700 1# - ADDED ENTRY--PERSONAL NAME | |
| Personal name | Moore, Tony, |
| Dates associated with a name | 1978- |
| Relator term | contributor. |
| 9 (RLIN) | 30667 |
| 700 1# - ADDED ENTRY--PERSONAL NAME | |
| Personal name | Adlard, Charles, |
| Dates associated with a name | 1966- |
| Relator term | contributor. |
| 9 (RLIN) | 30668 |
| 700 1# - ADDED ENTRY--PERSONAL NAME | |
| Personal name | Rathburn, Cliff, |
| Relator term | illustrator. |
| 9 (RLIN) | 30669 |
| 942 ## - ADDED ENTRY ELEMENTS (KOHA) | |
| Source of classification or shelving scheme | Dewey Decimal Classification |
| Koha item type | Book - Borrowing |
| Withdrawn status | Lost status | Source of classification or shelving scheme | Damaged status | Not for loan | Collection code | Home library | Current library | Shelving location | Date acquired | Source of acquisition | Cost, normal purchase price | Serial Enumeration / chronology | Total Checkouts | Total Renewals | Full call number | Barcode | Checked out | Date last seen | Date checked out | Koha item type | Public note |
|---|---|---|---|---|---|---|---|---|---|---|---|---|---|---|---|---|---|---|---|---|---|
| Dewey Decimal Classification | Baccah | Central Library | Central Library | Second Floor | 15/07/2012 | Purchase | 176.00 | 15359 | 19 | 44 | 741.5973 KIR | 000026996 | 09/03/2026 | 03/01/2026 | 03/01/2026 | Book - Borrowing | Vol 1 | ||||
| Dewey Decimal Classification | Baccah | Central Library | Central Library | Second Floor | 15/07/2012 | Purchase | 176.00 | 15359 | 6 | 24 | 741.5973 KIR | 000026997 | 22/10/2025 | 30/09/2025 | Book - Borrowing | Vol 2 | |||||
| Dewey Decimal Classification | Baccah | Central Library | Central Library | Second Floor | 15/07/2012 | Purchase | 176.00 | 15359 | 1 | 1 | 741.5973 KIR | 000026998 | 15/07/2025 | 01/11/2023 | Book - Borrowing | Vol 3 | |||||
| Dewey Decimal Classification | Baccah | Central Library | Central Library | Second Floor | 15/07/2012 | Purchase | 176.00 | 15359 | 1 | 741.5973 KIR | 000026999 | 13/08/2025 | 16/11/2023 | Book - Borrowing | Vol 4 | ||||||
| Dewey Decimal Classification | Baccah | Central Library | Central Library | Second Floor | 15/07/2012 | Purchase | 176.00 | 15359 | 5 | 7 | 741.5973 KIR | 000027000 | 15/07/2025 | 02/11/2023 | Book - Borrowing | Vol 5 | |||||
| Dewey Decimal Classification | Baccah | Central Library | Central Library | Second Floor | 15/07/2012 | Purchase | 176.00 | 15359 | 1 | 7 | 741.5973 KIR | 000027001 | 15/07/2025 | 02/11/2023 | Book - Borrowing | Vol 6 | |||||
| Dewey Decimal Classification | Baccah | Central Library | Central Library | Second Floor | 15/07/2012 | Purchase | 176.00 | 15359 | 5 | 8 | 741.5973 KIR | 000027002 | 15/07/2025 | 02/11/2023 | Book - Borrowing | Vol 7 |